| 000 | 00367nam a2200145Ia 4500 | ||
|---|---|---|---|
| 008 | 240624s9999 xx 000 0 und d | ||
| 041 | _aeng | ||
| 082 | _a330 MAC | ||
| 100 | _aMACEY JONATHAN | ||
| 245 | _aCLASSICS IN CORPORATE LAW AND ECONOMICS | ||
| 260 |
_c2008 _aLondon _bEdward Elgar |
||
| 300 | _axvi, : 648 : p. : cm. ; 25 | ||
| 365 |
_cGBP _b30 |
||
| 440 | _v2 | ||
| 999 |
_c26646 _d26646 |
||